Evaluation of prolonged use of IMF resources

Salvato in:
Dettagli Bibliografici
Natura: Libro
Lingua:inglese
Pubblicazione: Washington, D.C. IMF 2002
Serie:Evaluation report
Soggetti:
Tags: Aggiungi Tag
Nessun Tag, puoi essere il primo ad aggiungerne!!

MARC

LEADER 00000nam$a2200000$$$4500
001 0006957
005 20240315115246.0
020 |a 1-58906-206-1 
041 0 |a eng 
044 |a US 
245 1 0 |a Evaluation of prolonged use of IMF resources 
264 1 |a Washington, D.C.  |b IMF  |c 2002 
300 |a 222 s. 
490 1 |a Evaluation report 
830 0 |a Evaluation report 
610 2 0 |a Medzinárodný menový fond 
610 2 0 |a zdroje finančné 
610 2 0 |a politika finančná 
610 2 0 |a úžitok 
610 2 0 |a údaje štatistické 
610 2 0 |a porovnanie medzinárodné